000 00287nam a22001337a 4500
008 171006b xxu||||| |||| 00| 0 eng d
020 _a0471897841
041 _aeng
080 _a159.9
100 _a49
101 _aPSI
245 _aBRAIN CONTROL
_cVALENSTEIN,E.S
942 _2udc
_cBK
999 _c32341
_d32341